• 首页
  • 本馆介绍
  • 公告通知
  • 最新文献
  • 馆藏检索
  • 电子资源
  • 读者导购
  • 参考咨询
  • 我的图书馆
  • 登录
  • 详细信息显示
  • 放入我的书架
  • 预约/预借图书
  • 作者相关作品
  • 分类相关作品
  • 丛书相关作品
  • 出版社相关作品

书目信息

  • 表格格式
  • 工作单格式
  • 卡片格式
题名:
环境监测
    
 
作者: 奚日立 , 孙裕生 , 刘秀英 编
分册:  
出版信息: 北京   高等教育出版社  1995
页数: 424页
开本: 24cm
丛书名:
单 册:
中图分类: X83
科图分类:
主题词: 环境监测
电子资源:
ISBN: 7-04-005399-3
000 00673nam0 2200241 45
001 0306111086
005 20031219104111.0
010    @a7-04-005399-3@dCNY21.60
100    @a20030611e20021995km y0chiy0120 ea
101 0  @achi
105    @a z 000yy
200 1  @a环境监测@AHuan Jing Jian Ce@f奚日立,孙裕生,刘秀英编@FXi Ri Li,Sun Yu Sheng,Liu Xiu Ying Bian
205    @a2版@b修订本
210    @a北京@c高等教育出版社@d1995@h2002重印
215    @a424页@d24cm
300    @a高等学校教材
606 0  @a环境监测
690    @aX83@v4
701  0 @a奚日立@4编
701  0 @a孙裕生@4编
701  0 @a刘秀英@4编
801    @aCN@bTSTC@c20030611
905    @b323893-897@dX83@e28=2@f5
    
    环境监测/奚日立,孙裕生,刘秀英编.-2版,修订本.-北京:高等教育出版社,1995(2002重印)
    424页;24cm
    高等学校教材
    
    ISBN 7-04-005399-3:CNY21.60
    
●
相关链接 在E读中查询图书 在五车中查询图书 在当当中查询图书 在豆瓣中查询图书


正题名:环境监测     索取号:X83/28=2         预约/预借

序号 登录号 条形码 馆藏地/架位号 状态 备注
1 0323893   203238932   第三借阅区/ [索取号:X83/28=2] 在馆    
2 0323894   203238941   第三借阅区/ [索取号:X83/28=2] 在馆    
3 0323895   203238950   第三借阅区/ [索取号:X83/28=2] 在馆    
4 0323896   203238969   第三借阅区/ [索取号:X83/28=2] 在馆    
5 0323897   203238978   第二样本阅览室/ [索取号:X83/28=2] 在馆    
唐山师范学院图书馆 欢迎您!
大连网信软件有限公司© 版权所有